Código de mineria comentado /

Guardado en:
Autor Principal: Catalano, Edmundo F.
Formato: Libro
Idioma:Spanish
Publicado: Buenos Aires : Zavalía, 2006
Edición:10a. ed.
Materias:
Etiquetas: Agregar Etiqueta
Sin Etiquetas, Sea el primero en etiquetar este registro!
LEADER 00487nam a22001695a 4500
001 DER.der003319
008 180615s2006####ag#||||||||||||||#||spa||
005 20251211155112.0
245 1 0 |a Código de mineria comentado /  |c Edmundo F. Catalano 
250 |a 10a. ed. 
260 |a Buenos Aires :  |b Zavalía,  |c 2006 
300 |a 584 p. 
020 |a 9505277240 
100 1 |a Catalano, Edmundo F. 
650 7 |a DERECHO AMBIENTAL 
650 7 |a DERECHO MINERO 
859 |a DERECHO  |b BIB. DERECHO  |h 343.077  |i CAT  |p 005150